| 000 | 00851nam a2200229Ia 4500 | ||
|---|---|---|---|
| 003 | OSt | ||
| 005 | 20250801112615.0 | ||
| 008 | 191128t2000 sp er 000 j spa d | ||
| 020 | _a8495501147 | ||
| 040 |
_aCO-JMCR _cCO-JMCR |
||
| 041 | 0 | _aspa | |
| 082 | 0 | 4 |
_aA-C _2MONa |
| 100 |
_aMontero, Rosa, _d1951 _qautor _94187 |
||
| 245 | 1 | 0 |
_aAmantes y enemigos : _bcuentos de parejas / _cRosa Montero |
| 250 | _aSegunda edición | ||
| 260 |
_aMadrid : _bGrupo Santillana, _c ©2000 |
||
| 300 |
_a246 páginas ; _c18 cm. |
||
| 490 | _aPunto de lectura ; 15 | ||
| 505 | _aPaulo Pumilio -- Alma Caníbal -- La vida es fácil -- Noche de reyes -- La otra -- El reencuentro -- La gloria de los feos -- Mi hombre -- El montruo del lago -- Carne quemada -- Retrato de familia -- Parece tan dulce | ||
| 650 | 1 | 4 |
_aCuentos españoles _94188 |
| 942 |
_2ddc _cBK |
||
| 999 |
_c3256 _d3256 |
||